000 00812nab a2200241 u 4500
001 10294
003 HDC
007 cr bn ---aaaaa
008 210204c9999 |r|nos 0 a eng d
040 _aHDC
110 _aEnterprise Innovation
245 0 _aHalal social trading network debuts in Malaysia
260 _a[no place] :
_b[publisher not identified],
_c[no year]
336 _atext
_2rdacontent
337 _acomputer
_2rdamedia
338 _aonline resource
_2rdacarrier
650 _aHalal social trading
_910510
650 _ahalal trade and commercial
_910511
856 _zRequest full-text at [email protected]
942 _2lcc
942 _cNEWS
942 _kNWSO 000136
999 _c7617
_d7617